Missing Word: Easter Words in Book Titles Quiz Stats

 Plays Quiz Updated Apr 5, 2015

Challenge
Share
Tweet
Embed
Score 0/16 Timer 06:00
0 Plays Today
Title Missing Word % Correct
The Silence of the ____Lambs
94.8%
Are You There ____? It's Me, Margaret.God
84.9%
84, Charing ____ RoadCross
69.8%
The Curse of the Mummy's ____Tomb
68.1%
____ for AlgernonFlowers
67.6%
____ at RestRabbit
61.8%
The Cuckoo's ____Egg
60.7%
The Runaway ____Bunny
55.5%
Title Missing Word % Correct
____ Comes for the ArchbishopDeath
54.8%
Silent ____Spring
43%
____ on RyeHam
40.2%
The ____ IncidentJesus
39.8%
____ CaseBasket
35.1%
Black ____Sunday
25.7%
Hard ____: A Book of StoriesCandy
19.9%
In the Beauty of the ____Lilies
12.6%

Today's Daily Dose

Word Ladder
King of the...

Quick Pick
The Doors Songs

On This Day
August 17th II

You're not logged in!

Compare scores with friends on all Sporcle quizzes.
Join for Free
OR
Log In

You Might Also Like...

Show Comments

Extras

Top Quizzes Today


Score Distribution

Your Account Isn't Verified!

In order to create a playlist on Sporcle, you need to verify the email address you used during registration. Go to your Sporcle Settings to finish the process.

Report this User

Report this user for behavior that violates our Community Guidelines.

Details: